000 00270nam a22001217a 4500
008 170630b xxu||||| |||| 00| 0 eng d
041 _aeng
080 _a030
100 _a22
101 _aENC
245 _aTHE NEW FUND & WAGNALLS ENCYCLOPEDIA
_cWHIT
942 _2udc
_cBK
999 _c19784
_d19784